Positivisme / (Record no. 92798)

MARC details
000 -LEADER
campo de control de longitud fija 00557nam a2200193 i 4500
001 - NÚMERO DE CONTROL
campo de control 92798
003 - IDENTIFICADOR DE NÚMERO DE CONTROL
campo de control ES-MaACL
005 - FECHA Y HORA DE LA ÚLTIMA TRANSACCIÓN
campo de control 20250717090417.0
007 - CAMPO FIJO DE DESCRIPCIÓN FÍSICA--INFORMACIÓN GENERAL
campo de control de longitud fija t|
008 - DATOS DE LONGITUD FIJA--INFORMACIÓN GENERAL
campo de control de longitud fija 050328s1904 sp ||||1| cat d
100 1# - ENTRADA PRINCIPAL--NOMBRE DE PERSONA
Nombre de persona Littré, Émile,
Fechas asociadas al nombre 1801-1881
9 (RLIN) 128979
245 10 - MENCIÓN DEL TÍTULO
Título Positivisme /
Mención de responsabilidad, etc. E. Littré ; traducció d'Albert Aldrich.
260 ## - PUBLICACIÓN, DISTRIBUCIÓN, ETC.
Lugar de publicación, distribución, etc. Barcelona :
Nombre del editor, distribuidor, etc. [s.n.],
Fecha de publicación, distribución, etc. 1904.
300 ## - DESCRIPCIÓN FÍSICA
Extensión 133 p. ;
Dimensiones 16 cm.
650 07 - PUNTO DE ACCESO ADICIONAL DE MATERIA--TÉRMINO DE MATERIA
Término de materia o nombre geográfico como elemento de entrada Positivismo
Fuente del encabezamiento o término embne
9 (RLIN) 16324
700 1# - ENTRADA AGREGADA--NOMBRE PERSONAL
Nombre de persona Aldrich, Albert.
9 (RLIN) 19650
852 ## - LOCALIZACIÓN
Ubicación ES-MaACL
Número de control de estantería T-1083-F-5
Holdings
Estatus retirado Estado de pérdida Estado de daño No para préstamo Colección Biblioteca de origen Biblioteca actual Ubicación en estantería Fecha de adquisición Fuente de adquisición Total de préstamos Signatura topográfica completa Código de barras Visto por última vez Precio de reemplazo Tipo de ítem Koha
        Colección de folletos Biblioteca del Ateneo de Madrid Biblioteca del Ateneo de Madrid Depósito folletos 17/01/2008     T-1083-F-5 1096874 23/02/2023 23/02/2023 Folleto